000 01044nam a2200373 a 4500
001 3845977
003 OSt
005 20140310182903.0
008 870430s1986 ph b 000 0 eng
010 _a 87137210
020 _a9710830724
040 _aDLC
_cDLC
_dDLC
050 0 0 _aPN 6014
_b.T656 1986
082 0 0 _aFIL 800
_bT59 1986
245 0 0 _aPrism /
_ban introduction to literature /
_cYolanda V. Tomeldan
260 _aMetro Manila, Philippines :
_bNational Book Store,
_c1986.
300 _axxiv, 793 p.
_c22 cm.
500 _a"Second edition"--P. xvii.
504 _aIncludes bibliographical references.
521 _aBasic ed. students
541 _j1
541 _j2
541 _j3
541 _j4
541 _j5
541 _j6
541 _j7
562 _e7
650 0 _aLiterature
_xCollections.
700 1 _aTomeldan, Yolanda V.
906 _a7
_bcbc
_corignew
_d3
_encip
_f19
_gy-gencatlg
942 _2lcc
_cBK
_kFIL
999 _c17129
_d17129